| 000 | 01160nam0a22002771 4500 | ||
|---|---|---|---|
| 001 | rc\4754975 | ||
| 005 | 20260406193604.0 | ||
| 021 |
_aRU _b[58-38202] |
||
| 035 | _a(NLR Aleph) 009013152 | ||
| 090 |
_a9380703 _c9380703 |
||
| 100 | _a20130417d1958 |||y0rusy50 ca | ||
| 101 | 0 | _arus | |
| 102 | _aRU | ||
| 105 | _aa z ||||| | ||
| 200 | 1 |
_aЛистовки пермских большевиков 1901-1917 гг. _eДокументы и материалы по истории Перм. организации КПСС _fПарт. архив Перм. обкома КПСС |
|
| 210 |
_aПермь _cКн. изд-во _d1958 |
||
| 215 |
_a583 с. _cил. _d23 |
||
| 300 | _aНа обороте тит. л. сост.: Н.А. Аликина | ||
| 608 |
_aЛистовки и прокламации большевиков _z1901-1917 _yПермь _2psbo |
||
| 702 | 1 |
_aАликина _bН.А. _gНадежда Алексеевна _4220 |
|
| 712 | 0 | 2 |
_aПермский областной партийный архив _3RU\NLR\AUTH\889956367 _9408847 |
| 801 | 0 |
_aRU _bNLR _gpsbo |
|
| 801 | 1 |
_aRU _bELAR _2rusmarc |
|
| 852 |
_aNLR _j58-5/2775 |
||
| 942 | _cBOOK | ||
| 980 | _aNB | ||